| 000 | 00980nam a22003135a 4500 | ||
|---|---|---|---|
| 001 | 014608039 | ||
| 003 | OSt | ||
| 005 | 20171214100807.0 | ||
| 008 | 080429t2009 at a frb 001 0 eng d | ||
| 015 |
_aGBA864575 _2bnb |
||
| 016 | 7 |
_a014608039 _2Uk |
|
| 020 | _a9780324588316 (pbk.) | ||
| 020 | _a0324588313 (pbk.) | ||
| 040 |
_aStDuBDS _beng _cStDuBDS _dEG-ScBUE |
||
| 082 | 0 | 4 |
_a338.5024658 _bHIR _222 |
| 100 | 1 |
_aHirschey, Mark. _936536 |
|
| 245 | 1 | 0 |
_aManagerial economics / _cMark Hirschey. |
| 250 | _a12th ed., International ed. | ||
| 260 |
_a[Canberra] : _bSouth-Western / Cengage Learning, _cc.2009. |
||
| 300 |
_axxvii, 836 p. : _bill. ; _c26 cm. |
||
| 500 | _aIncludes Access code for E-resources. | ||
| 504 | _aIncludes bibliographical references and index. | ||
| 650 | 7 |
_aManagerial economics. _2BUEsh |
|
| 651 | _2BUEsh | ||
| 653 |
_bBUSECO _cDecember2017 |
||
| 655 |
_vReading book _934232 |
||
| 856 | 4 |
_lAccess code: _uwww.cengage.com/login |
|
| 942 | _2ddc | ||
| 999 |
_c25705 _d25677 |
||